Albums des Beatles par image - Statistiques

Statistiques générales
  • Ce quiz a été pris 72 fois
  • Le résultat moyen est 10 sur 12
Statistiques - réponses
Par images Réponse % Correct
Abbey Road (1969)
97%
Let It Be (1970)
97%
The Beatles (White Album) (1968)
93%
Help! (1965)
92%
Rubber Soul (1965)
90%
Revolver (1966)
86%
Yellow Submarine (1969)
83%
Sgt. Pepper's Lonely Hearts Club Band (1967)
81%
With the Beatles (1963)
80%
Please Please Me! (1963)
75%
A Hard Day's Night (1964)
69%
Beatles for Sale (1964)
47%
Aucun quiz correspondant
Distribution des résultats
% des personnes avec chaque résultat
Percentile par nombre de réponses
Votre historique - résultats
Vous n’avez pas pris ce quiz